[Event "CAN-ch U12 Girls"]
[Site "Windsor"]
[Date "2010.07.07"]
[Round "3"]
[White "Tao, Rachel Long Xin"]
[Black "Bacic, Joyce"]
[Result "1-0"]
[WhiteElo "1186"]
[BlackElo "821"]
[PlyCount "57"]
[EventDate "2010.07.06"]
[EventType "tourn"]
[EventRounds "7"]
[EventCountry "CAN"]
[SourceTitle "EXT 2012"]
[Source "ChessBase"]
[SourceDate "2011.11.24"]
[SourceVersion "1"]
[SourceVersionDate "2011.11.24"]
[SourceQuality "1"]

1. e4 d5 2. exd5 Qxd5 3. Nc3 Qe6+ 4. Be2 Qd7 5. Nf3 e5 6. Nxe5 Qe7 7. Nf3 Nc6 8. 0-0 Nf6 9. Re1 Qd8 10. Bb5+ Be7 11. d4 0-0 12. Bxc6 bxc6 13. Bg5 Nd7 14. Bxe7 Qe8 15. Bxf8 Qxf8 16. d5 cxd5 17. Nxd5 Kh8 18. Nxc7 Rb8 19. Re8 Qxe8 20. Nxe8 Ba6 21. Qxd7 Bb5 22. Qxf7 Rxe8 23. Re1 h6 24. Rxe8+ Bxe8 25. Qxe8+ Kh7 26. Nh4 g5 27. Qg6+ Kh8 28. Nf5 h5 29. Qg7# 1-0

[Event "CAN-ch U12 Girls"]
[Site "Windsor"]
[Date "2010.07.06"]
[Round "2"]
[White "Peng, Jackie"]
[Black "Bacic, Joyce"]
[Result "1-0"]
[WhiteElo "1800"]
[BlackElo "821"]
[PlyCount "65"]
[EventDate "2010.07.06"]
[EventType "tourn"]
[EventRounds "7"]
[EventCountry "CAN"]
[SourceTitle "EXT 2012"]
[Source "ChessBase"]
[SourceDate "2011.11.24"]
[SourceVersion "1"]
[SourceVersionDate "2011.11.24"]
[SourceQuality "1"]

1. e4 d5 2. exd5 Qxd5 3. Nc3 Qe6+ 4. Be2 Qf6 5. Nf3 e5 6. 0-0 h5 7. Re1 Qf5 8. Bb5+ Bd7 9. Rxe5+ Qxe5 10. Nxe5 Bxb5 11. Nxb5 Nd7 12. Nxc7+ Kd8 13. Nxa8 Nxe5 14. d4 Nc6 15. Bf4 g5 16. d5 Na5 17. Bxg5+ Be7 18. Bxe7+ Kxe7 19. Qd4 Rh6 20. Re1+ Kf8 21. d6 Nc6 22. Qf4 Rf6 23. Qd2 Kg7 24. d7 Nge7 25. d8Q Nxd8 26. Qxd8 Ng8 27. Nc7 Kg6 28. Qxg8+ Kf5 29. Nd5 Rd6 30. Qxf7+ Kg4 31. f3+ Kg5 32. Re5+ Kh4 33. Rxh5# 1-0